Advertising, Sales and Promotion Management (Record no. 676)

MARC details
000 -LEADER
Fixed length control field 00508nam a2200181 4500
003 - CONTROL NUMBER IDENTIFIER
Control field SEACOMMC
005 - DATE AND TIME OF LATEST TRANSACTION
Control field 20250422143803.0
008 - FIXED-LENGTH DATA ELEMENTS--GENERAL INFORMATION
Fixed length control field 241021b |||||||| |||| 00| 0 eng d
020 ## - INTERNATIONAL STANDARD BOOK NUMBER / ISBN
International Standard Book Number 81-78667-59-2
Price Rs.275.00
040 ## - CATALOGING SOURCE
Original cataloging agency SEACOMMC
082 ## - DEWEY DECIMAL CLASSIFICATION NUMBER
Classification number 659.1
Book Number C 559
100 ## - MAIN ENTRY--PERSONAL NAME
Personal name Chunawalla, S A
245 1# - TITLE STATEMENT
Title Advertising, Sales and Promotion Management
Statement of responsibility S A Chunawalla
250 ## - EDITION STATEMENT
Edition statement 2nd rev.ed.
260 ## - IMPRINT
Place of publication Mumbai
Name of publisher Himalaya Pub. House
Date of publication 2005
650 ## - SUBJECT ADDED ENTRY--TOPICAL TERM
Topical term Sales Promotion -- Management
942 ## - ADDED ENTRY ELEMENTS (KOHA)
Koha item type Books
Holdings
Withdrawn status Lost status Source of classification Damaged status Not for loan Home library Current library Shelving location Date acquired Total Checkouts Call number Accession number Date last seen Price effective from Koha item type Copy number
    Dewey Decimal Classification     SEACOM MANAGEMENT COLLEGE SEACOM MANAGEMENT COLLEGE Reference 27/10/2007   659.1 C 559 M-572 21/10/2024 21/10/2024 Books  
    Dewey Decimal Classification     SEACOM MANAGEMENT COLLEGE SEACOM MANAGEMENT COLLEGE   27/10/2007   659.1 C 559 M-573 21/10/2024 21/10/2024 Books 1
    Dewey Decimal Classification     SEACOM MANAGEMENT COLLEGE SEACOM MANAGEMENT COLLEGE   27/10/2007   659.1 C 559 M-574 21/10/2024 21/10/2024 Books 2
© Seacom Engineering College, All rights reserved.    Powered by Koha